[Event "4th ShakkiNet International A"]
[Site "Helsinki"]
[Date "2002.06.30"]
[Round "7"]
[White "Hjelm, Niclas"]
[Black "Agopov, Mikael"]
[Result "1/2-1/2"]
[WhiteElo "2313"]
[BlackElo "2412"]
[PlyCount "139"]
[EventDate "2002.06.24"]

1. e4 c5 2. Nf3 d6 3. d4 cxd4 4. Nxd4 Nf6 5. Nc3 a6 6. Bg5 e6 7. f4 Be7 8. Qf3
Qc7 9. O-O-O Nbd7 10. g4 b5 11. Bxf6 Nxf6 12. g5 Nd7 13. f5 Nc5 14. h4 b4 15.
Nce2 e5 16. Nb3 Nxe4 17. Bg2 Bb7 18. Qe3 Nc3 19. Bxb7 Nxe2+ 20. Qxe2 Qxb7 21.
Rhf1 Rc8 22. f6 gxf6 23. gxf6 Bf8 24. Rg1 Qb5 25. Rd3 h5 26. Kb1 Rh6 27. Qf2
Qc4 28. Rd2 Rg6 29. Re1 a5 30. Nxa5 Qc5 31. Qf5 Rg1 32. Rdd1 Rxe1 33. Rxe1 Ra8
34. Nb3 Qa7 35. Nc1 Bh6 36. Qh7 Bf8 37. Qxh5 Qf2 38. Rxe5+ dxe5 39. Qxe5+ Kd7
40. Qd5+ Bd6 41. Qxa8 Qxf6 42. Qh1 Ke7 43. h5 Kf8 44. h6 Kg8 45. Qg1+ Qg6 46.
Ne2 Kh7 47. Qxg6+ fxg6 48. c3 Kxh6 49. cxb4 Bxb4 50. Kc2 Kg5 51. Kd3 Kf5 52. a4
Ke5 53. Kc4 Be1 54. Nd4 Kd6 55. b4 Bf2 56. a5 g5 57. Nf5+ Kc7 58. Nh6 Be1 59.
Ng4 Kb7 60. Kb5 Bc3 61. Kc4 Bd2 62. Ne5 Bf4 63. Kd5 Ka6 64. Nd3 Bd2 65. Kc4 g4
66. Nc5+ Ka7 67. Ne4 Be1 68. Kb5 g3 69. Nxg3 Bxg3 70. Ka4 1/2-1/2

[Event "4th ShakkiNet International A"]
[Site "Helsinki"]
[Date "2002.06.30"]
[Round "7"]
[White "Tiitta, Sauli"]
[Black "Hansen, Victor"]
[Result "1-0"]
[WhiteElo "2249"]
[BlackElo "2143"]
[PlyCount "47"]
[EventDate "2002.06.24"]

1. e4 c6 2. d4 d5 3. Nc3 dxe4 4. Nxe4 Nf6 5. Nxf6+ exf6 6. Be3 Bd6 7. Bd3 O-O
8. Ne2 Re8 9. c3 Be6 10. Qc2 g6 11. h4 Bd5 12. h5 f5 13. O-O-O Qf6 14. hxg6
hxg6 15. Nf4 Be4 16. Qb3 b5 17. Rh6 Bxf4 18. Bxf4 Bxd3 19. Rxd3 Re4 20. Rg3 Re6
21. Be5 Rxe5 22. Rhxg6+ Qxg6 23. Rxg6+ Kf8 24. Qa3+ 1-0

[Event "4th ShakkiNet International A"]
[Site "Helsinki"]
[Date "2002.07.01"]
[Round "8"]
[White "Sammalvuo, Tapani"]
[Black "Hansen, Victor"]
[Result "1-0"]
[WhiteElo "2440"]
[BlackElo "2143"]
[PlyCount "77"]
[EventDate "2002.06.24"]

1. e4 c6 2. d4 d5 3. Nc3 dxe4 4. Nxe4 Bf5 5. Ng3 Bg6 6. h4 h6 7. Nf3 Nd7 8. h5
Bh7 9. Bd3 Bxd3 10. Qxd3 e6 11. Bf4 Bb4+ 12. c3 Be7 13. Ne4 Ndf6 14. Ned2 Nd5
15. Be5 Ngf6 16. Qe2 Bd6 17. g3 b5 18. a4 bxa4 19. Nc4 Bxe5 20. dxe5 Nd7 21.
Nd6+ Kf8 22. Rxa4 Qe7 23. Ra6 Nb8 24. Ra1 Nd7 25. Nd4 Nxe5 26. Qxe5 f6 27. Qxe6
Qxe6+ 28. Nxe6+ Ke7 29. Nxg7 Kxd6 30. Kd2 Ne7 31. Kc2 Rh7 32. Rhd1+ Nd5 33.
Nf5+ Kc7 34. Ra4 Kb6 35. Re4 Rg8 36. Re6 Kc7 37. Nd4 Ne7 38. Rxf6 Rg5 39. Ne6+
1-0

[Event "4th ShakkiNet International A"]
[Site "Helsinki"]
[Date "2002.07.01"]
[Round "8"]
[White "Agopov, Mikael"]
[Black "Tiitta, Sauli"]
[Result "1-0"]
[WhiteElo "2412"]
[BlackElo "2249"]
[PlyCount "81"]
[EventDate "2002.06.24"]

1. e4 c5 2. Nf3 g6 3. d4 cxd4 4. Nxd4 Bg7 5. c4 Nc6 6. Be3 Nf6 7. Nc3 Ng4 8.
Qxg4 Nxd4 9. Qd1 e5 10. Bd3 O-O 11. O-O b6 12. Ne2 Ne6 13. Qd2 Bb7 14. Rad1 Qe7
15. Bb1 Rfd8 16. Nc3 Nd4 17. Bxd4 exd4 18. Nb5 Ba6 19. Na3 Rac8 20. Bd3 Bf8 21.
Rc1 Qh4 22. Nb1 f5 23. exf5 gxf5 24. Qe2 Bh6 25. Rce1 Re8 26. Qf3 Rf8 27. Re5
Bg7 28. Rxf5 Kh8 29. Nd2 Bh6 30. Nb3 Bg7 31. Qd5 Rxf5 32. Qxf5 d6 33. g3 Qh6
34. Re1 Rf8 35. Qe4 Bc8 36. f4 Bd7 37. Nxd4 Re8 38. Qxe8+ Bxe8 39. Rxe8+ Bf8
40. Ne6 Kg8 41. Rxf8+ 1-0

[Event "4th ShakkiNet International A"]
[Site "Helsinki"]
[Date "2002.07.01"]
[Round "8"]
[White "Norri, Joose"]
[Black "Karttunen, Mika"]
[Result "1-0"]
[WhiteElo "2426"]
[BlackElo "2429"]
[PlyCount "63"]
[EventDate "2002.06.24"]

1. e4 c6 2. d4 d5 3. exd5 cxd5 4. c4 Nf6 5. Nc3 e6 6. Nf3 Bb4 7. Bd3 dxc4 8.
Bxc4 O-O 9. O-O Nbd7 10. Bg5 Bxc3 11. bxc3 Qc7 12. Bd3 Qxc3 13. Rc1 Qa3 14. Ne5
Nxe5 15. dxe5 Nd7 16. Re1 f5 17. Bc4 Nb6 18. Bb3 Re8 19. Rc7 Qb4 20. Re3 Nd5
21. Rxg7+ Kxg7 22. Rg3 Rg8 23. Bd2+ Qg4 24. Rxg4+ fxg4 25. Qc2 Rd8 26. Bg5 Rd7
27. Qe4 Kg8 28. Bh6 Rf7 29. Qxg4+ Kh8 30. Bxd5 exd5 31. e6 Rf6 32. Qg7# 1-0

[Event "4th ShakkiNet International A"]
[Site "Helsinki"]
[Date "2002.07.02"]
[Round "9"]
[White "Solozhenkin, Evgeniy"]
[Black "Sammalvuo, Tapani"]
[Result "1-0"]
[WhiteElo "2499"]
[BlackElo "2440"]
[PlyCount "71"]
[EventDate "2002.06.24"]

1. d4 Nf6 2. c4 e6 3. Nf3 b6 4. e3 Bb7 5. Bd3 c5 6. Nc3 Be7 7. O-O cxd4 8. exd4
d5 9. cxd5 Nxd5 10. Ne5 O-O 11. Qg4 Nf6 12. Qh4 Ne4 13. Qh3 Qxd4 14. Bf4 Nf6
15. Ne2 Qa4 16. Bg5 Rd8 17. Nc3 Qe8 18. Bxf6 Bxf6 19. Qxh7+ Kf8 20. Bb5 Nd7 21.
Nxd7+ Rxd7 22. Qh8+ Ke7 23. Qxe8+ Rxe8 24. Bxd7 Kxd7 25. Rac1 Be5 26. Nb5 a6
27. f4 Bb8 28. Nc3 Bc6 29. f5 exf5 30. Rxf5 Ke6 31. Rff1 Be5 32. Ne2 Bb5 33.
Nf4+ Kf5 34. Nd3+ Ke4 35. Nxe5 Bxf1 36. Nxf7 1-0

[Event "4th ShakkiNet International A"]
[Site "Helsinki"]
[Date "2002.07.02"]
[Round "9"]
[White "Karttunen, Mika"]
[Black "Payen, Arnaud"]
[Result "1-0"]
[WhiteElo "2429"]
[BlackElo "2356"]
[PlyCount "67"]
[EventDate "2002.06.24"]

1. d4 d5 2. c4 e6 3. Nf3 Nf6 4. g3 dxc4 5. Bg2 Nc6 6. O-O Rb8 7. Re1 Be7 8. Nc3
O-O 9. e4 Nb4 10. Ne5 c5 11. a3 Nc6 12. Bf4 Ra8 13. Nxc6 bxc6 14. d5 exd5 15.
exd5 cxd5 16. Nxd5 Nxd5 17. Qxd5 Be6 18. Qxa8 Qxa8 19. Bxa8 Rxa8 20. Rad1 Rc8
21. Be5 h5 22. f3 Rc6 23. Re4 Kf8 24. Kg2 a5 25. h3 a4 26. g4 hxg4 27. hxg4 Rb6
28. Re3 f6 29. Bc3 Kf7 30. Rde1 Bf8 31. Kh3 g5 32. Kg2 Bg7 33. Rd1 f5 34. Rxe6
1-0

[Event "4th ShakkiNet International A"]
[Site "Helsinki"]
[Date "2002.07.02"]
[Round "9"]
[White "Maeki-Uuro, Miikka"]
[Black "Norri, Joose"]
[Result "1-0"]
[WhiteElo "2335"]
[BlackElo "2426"]
[PlyCount "123"]
[EventDate "2002.06.24"]

1. d4 Nf6 2. Nf3 g6 3. g3 Bg7 4. Bg2 O-O 5. O-O d6 6. Re1 d5 7. c4 dxc4 8. Ne5
Nfd7 9. Nxc4 Nb6 10. Nxb6 axb6 11. d5 Nd7 12. Nc3 Nc5 13. Be3 e6 14. dxe6 Bxe6
15. Qc1 c6 16. Rd1 Qc7 17. Bd4 Bxd4 18. Rxd4 Qe5 19. Rd1 Na4 20. Nxa4 Rxa4 21.
Qc2 Rfa8 22. a3 b5 23. Rac1 b4 24. axb4 Rxb4 25. Qc3 Qb5 26. Ra1 Re8 27. Rd2
Rc4 28. Qf6 Qc5 29. h4 Rc1+ 30. Rd1 Rc2 31. Bf3 Qf5 32. Qd4 Bc4 33. Rd2 c5 34.
Qd6 Rxd2 35. Qxd2 b5 36. h5 Qf6 37. Rd1 Bb3 38. Qd7 Qe7 39. Qxe7 Rxe7 40. Rd8+
Kg7 41. hxg6 hxg6 42. Rb8 c4 43. Rxb5 Rd7 44. Bd5 Ra7 45. Rb7 Rxb7 46. Bxb7 Kf6
47. Kf1 Ke5 48. Ke1 Kd4 49. Kd2 Ba4 50. e3+ Kc5 51. Kc3 Bd7 52. e4 Be6 53. e5
Bh3 54. f4 Bg4 55. Be4 Bh3 56. Bf3 Bf1 57. e6 fxe6 58. Be4 Be2 59. Bxg6 Bf3 60.
Bh7 Bg4 61. Be4 Bf5 62. Bf3 1-0

[Event "4th ShakkiNet International A"]
[Site "Helsinki"]
[Date "2002.07.02"]
[Round "9"]
[White "Hansen, Victor"]
[Black "Agopov, Mikael"]
[Result "1/2-1/2"]
[WhiteElo "2143"]
[BlackElo "2412"]
[PlyCount "89"]
[EventDate "2002.06.24"]

1. e4 c5 2. Nf3 d6 3. d4 cxd4 4. Qxd4 a6 5. c4 Nc6 6. Qd2 Nf6 7. Nc3 e6 8. b3
Be7 9. Bb2 O-O 10. Bd3 Qc7 11. Rc1 Ne5 12. Be2 b6 13. O-O Bb7 14. Qc2 Rac8 15.
Qb1 Rfe8 16. Rfd1 Ned7 17. Nd4 Qb8 18. g3 Ba8 19. Bf3 Bf8 20. Bg2 Nc5 21. Rd2
g6 22. Re2 e5 23. Nc2 Nd3 24. Rd1 Nxb2 25. Qxb2 b5 26. cxb5 Qc7 27. Rd3 axb5
28. Nxb5 Qc5 29. a4 d5 30. Rc3 Qe7 31. Rxc8 Rxc8 32. exd5 Nxd5 33. Nca3 Bg7 34.
Nc4 Qg5 35. h4 Qh5 36. Qd2 Bh6 37. Qd3 Nb4 38. Qd7 Rxc4 39. bxc4 Qxe2 40. Nd6
Qe1+ 41. Bf1 Bc6 42. Qxf7+ Kh8 43. Qf6+ Kg8 44. Qf7+ Kh8 45. Qf6+ 1/2-1/2

[Event "4th ShakkiNet International B"]
[Site "Helsinki"]
[Date "2002.06.24"]
[Round "1"]
[White "Luukkonen, Tommi"]
[Black "Eskola, Risto"]
[Result "0-1"]
[WhiteElo "2158"]
[BlackElo "2145"]
[PlyCount "70"]
[EventDate "2002.06.24"]

1. d4 d6 2. e4 Nf6 3. f3 c5 4. dxc5 Qa5+ 5. Bd2 Qxc5 6. c4 e6 7. Nc3 a6 8. Bd3
Be7 9. f4 Nbd7 10. Nf3 b6 11. b4 Qc7 12. Qe2 Bb7 13. Nd4 g6 14. O-O O-O 15.
Rac1 Rfe8 16. Qf2 Bf8 17. Qh4 Bg7 18. Nf3 b5 19. cxb5 Qb6+ 20. Kh1 axb5 21.
Bxb5 Ra3 22. e5 Bxf3 23. Rxf3 dxe5 24. fxe5 Nxe5 25. Bxe8 Nxf3 26. gxf3 Nxe8
27. Qe7 Qb8 28. b5 Bf8 29. Qh4 Qd6 30. Ne4 Qd3 31. Qf4 Qxb5 32. Bc3 f5 33. Ng3
Qd5 34. Qe5 Qxf3+ 35. Kg1 Bc5+ 0-1

[Event "4th ShakkiNet International B"]
[Site "Helsinki"]
[Date "2002.06.24"]
[Round "1"]
[White "Haapasalo, Jukka-Pekka"]
[Black "Paronen, Petteri"]
[Result "1/2-1/2"]
[WhiteElo "2149"]
[BlackElo "2224"]
[PlyCount "50"]
[EventDate "2002.06.24"]

1. Nf3 Nf6 2. c4 Nc6 3. g3 e5 4. Bg2 Bc5 5. O-O d6 6. Nc3 a6 7. e3 Ba7 8. a3
O-O 9. b3 h6 10. Qc2 Bg4 11. h3 Be6 12. Bb2 Qd7 13. Kh2 Bf5 14. d3 Bh7 15. Rac1
a5 16. Nh4 Ne8 17. Nd5 g5 18. Nf3 f5 19. Nd2 Nd8 20. Rce1 c6 21. Nc3 f4 22.
exf4 gxf4 23. Nce4 Ne6 24. Nf3 N8g7 25. g4 Rae8 1/2-1/2

[Event "4th ShakkiNet International B"]
[Site "Helsinki"]
[Date "2002.06.24"]
[Round "1"]
[White "Parkkinen, Jyrki"]
[Black "Kilpelae, Panu"]
[Result "1-0"]
[WhiteElo "2169"]
[BlackElo "2139"]
[PlyCount "75"]
[EventDate "2002.06.24"]

1. Nf3 c5 2. g3 Nc6 3. c4 g6 4. Bg2 Bg7 5. O-O d6 6. Nc3 e5 7. d3 Nge7 8. Bg5
h6 9. Bd2 O-O 10. Ne1 Rb8 11. Nc2 Kh7 12. Rb1 a5 13. a3 b6 14. b4 axb4 15. axb4
Bb7 16. Nd5 Nxd5 17. Bxd5 Ba8 18. b5 Ne7 19. Bxa8 Rxa8 20. e4 f5 21. f3 Rf7 22.
Ra1 Ng8 23. Qb1 Qf8 24. Qb2 Rfa7 25. Kg2 Ne7 26. Rxa7 Rxa7 27. Ra1 Qa8 28. Rxa7
Qxa7 29. Qa3 Qxa3 30. Nxa3 Kg8 31. Nc2 Kf7 32. Ne3 fxe4 33. dxe4 g5 34. Kh3 h5
35. g4 Kg6 36. Nf5 Nxf5 37. gxf5+ Kh6 38. Ba5 1-0

[Event "4th ShakkiNet International B"]
[Site "Helsinki"]
[Date "2002.06.24"]
[Round "1"]
[White "Karlsen, Terje"]
[Black "Mavrichev, Juri"]
[Result "1-0"]
[WhiteElo "2121"]
[BlackElo "2115"]
[PlyCount "139"]
[EventDate "2002.06.24"]

1. e4 c5 2. Nf3 d6 3. d4 cxd4 4. Nxd4 Nf6 5. Nc3 a6 6. Bc4 e6 7. O-O Be7 8. Bb3
O-O 9. f4 Nc6 10. Nxc6 bxc6 11. Qe1 d5 12. e5 Nd7 13. Na4 Qc7 14. c4 Nc5 15.
Nxc5 Bxc5+ 16. Be3 Qb6 17. Bxc5 Qxc5+ 18. Kh1 Qb6 19. Rc1 a5 20. c5 Qb5 21. Qf2
Ba6 22. Bc2 g6 23. b3 Qe2 24. Kg1 Qxf2+ 25. Rxf2 Bb5 26. a3 Rfb8 27. g4 Ba6 28.
Rd2 Rb5 29. Bd1 Rbb8 30. Rc3 Kg7 31. Kf2 Ra7 32. Ke3 Rab7 33. Kd4 Bf1 34. Rf2
Ba6 35. Bc2 Rf8 36. f5 Rh8 37. fxe6 fxe6 38. Rf6 Re7 39. Re3 Rb8 40. h4 Rbe8
41. h5 g5 42. h6+ Kg8 43. Rh3 Kh8 44. Rhf3 Kg8 45. Rf2 Rb8 46. Rh2 Kh8 47. Kc3
Bb5 48. Bd1 Rd8 49. Rh5 Rg8 50. b4 axb4+ 51. axb4 Ra7 52. Rxe6 Ra3+ 53. Kd2
Ra2+ 54. Ke1 Rb2 55. Rf6 Rxb4 56. Bc2 Rxg4 57. Rf7 Rg1+ 58. Kd2 Rg2+ 59. Kc1
Re8 60. Rxh7+ Kg8 61. Rg7+ Kh8 62. Rhxg5 Rxg5 63. Rxg5 d4 64. Be4 Bc4 65. Bxc6
Re6 66. Bf3 Rxh6 67. Rh5 Rxh5 68. Bxh5 Kg7 69. Kd2 Kf8 70. Be2 {...} 1-0

[Event "4th ShakkiNet International B"]
[Site "Helsinki"]
[Date "2002.06.24"]
[Round "1"]
[White "Skrjabin, Igor"]
[Black "Oksanen, Timo"]
[Result "1/2-1/2"]
[WhiteElo "2114"]
[BlackElo "1977"]
[PlyCount "60"]
[EventDate "2002.06.24"]

1. e4 c5 2. c3 Nc6 3. d4 d5 4. e5 Bf5 5. Nf3 e6 6. Be2 Qb6 7. O-O Rc8 8. dxc5
Bxc5 9. b4 Be7 10. Be3 Qc7 11. b5 Nxe5 12. Nxe5 Bxb1 13. Nxf7 Kxf7 14. Rxb1 b6
15. c4 Nf6 16. Rc1 Bc5 17. cxd5 exd5 18. Bf3 Qd7 19. Bg5 Rcd8 20. Qd3 g6 21.
Rcd1 d4 22. Bh6 Qf5 23. Qxf5 gxf5 24. Rd3 Rhe8 25. Rfd1 Rd6 26. g3 Kg6 27. Bc1
Nd7 28. Bc6 Re2 29. Kf1 Re7 30. Bxd7 Rexd7 1/2-1/2

[Event "4th ShakkiNet International B"]
[Site "Helsinki"]
[Date "2002.07.03"]
[Round "10"]
[White "Eskola, Risto"]
[Black "Mavrichev, Juri"]
[Result "1-0"]
[WhiteElo "2145"]
[BlackElo "2115"]

[PlyCount "77"]
[EventDate "2002.06.24"]

1. e4 c5 2. Nc3 Nc6 3. g3 g6 4. Bg2 Bg7 5. d3 d6 6. Be3 Nf6 7. h3 O-O 8. Qd2
Rb8 9. f4 Ne8 10. g4 Bd7 11. Nge2 b5 12. f5 b4 13. Nd1 Ne5 14. Bh6 Bc6 15. Bxg7
Kxg7 16. Ne3 Nc7 17. Nf4 a5 18. h4 Kh8 19. h5 g5 20. Ng6+ fxg6 21. hxg6 Kg7 22.
Rxh7+ Kf6 23. Rh5 Rh8 24. Nd5+ Nxd5 25. Qxg5+ Kg7 26. exd5 Bb5 27. O-O-O e6 28.
Qf4 Qf6 29. dxe6 a4 30. g5 Rxh5 31. gxf6+ Kxf6 32. d4 cxd4 33. Qxd4 b3 34. axb3
axb3 35. Qxd6 bxc2 36. Qxb8 cxd1=Q+ 37. Kxd1 Bd3 38. Qf8+ Kg5 39. g7 1-0

[Event "4th ShakkiNet International B"]
[Site "Helsinki"]
[Date "2002.07.03"]
[Round "10"]
[White "Karlsen, Terje"]
[Black "Malmberg, Mio"]
[Result "1-0"]
[WhiteElo "2121"]
[BlackElo "2088"]
[PlyCount "85"]
[EventDate "2002.06.24"]

1. e4 e6 2. d4 d5 3. Nc3 Bb4 4. e5 c5 5. dxc5 Bxc3+ 6. bxc3 Ne7 7. Bd3 Nd7 8.
Nf3 Nxc5 9. O-O Nxd3 10. cxd3 Qa5 11. Bd2 Qa6 12. Bg5 h6 13. Bxe7 Kxe7 14. Nd4
Bd7 15. f4 Rhc8 16. Qd2 Rc7 17. f5 exf5 18. Nxf5+ Bxf5 19. Rxf5 Rac8 20. Raf1
Kf8 21. d4 Qg6 22. R1f3 Kg8 23. Rf6 Qg5 24. Qxg5 hxg5 25. Rd6 Rxc3 26. Rxc3
Rxc3 27. Rd8+ Kh7 28. Rxd5 Rc1+ 29. Kf2 Rc2+ 30. Kg3 Rxa2 31. Rd7 Rd2 32. d5
Rd3+ 33. Kf2 a5 34. Ke2 Rd4 35. Ke3 Rd1 36. d6 Kg6 37. g4 Re1+ 38. Kd4 Rd1+ 39.
Kc5 Rc1+ 40. Kb6 Re1 41. Rxb7 Rxe5 42. d7 Rd5 43. Kc7 1-0

[Event "4th ShakkiNet International B"]
[Site "Helsinki"]
[Date "2002.07.03"]
[Round "10"]
[White "Haapasalo, Jukka-Pekka"]
[Black "Kilpelae, Panu"]
[Result "1/2-1/2"]
[WhiteElo "2149"]
[BlackElo "2139"]
[PlyCount "71"]
[EventDate "2002.06.24"]

1. e4 e5 2. Nf3 d6 3. d4 Nd7 4. Bc4 c6 5. dxe5 dxe5 6. O-O Be7 7. a4 Ngf6 8.
Nbd2 O-O 9. a5 Bb4 10. Nb3 Nxe4 11. Qe2 Nd6 12. c3 Nxc4 13. cxb4 Nd6 14. Rd1
Qe7 15. a6 bxa6 16. Na5 Re8 17. Be3 Nb5 18. Nxc6 Qe6 19. Rac1 f6 20. Na5 Qg4
21. Rc4 e4 22. Qc2 Nb6 23. h3 Qh5 24. Rxe4 Bf5 25. Qb3+ Qf7 26. Rxe8+ Rxe8 27.
Qxf7+ Kxf7 28. Nc6 Nc4 29. Bxa7 Nxb2 30. Ra1 Nxa7 31. Nxa7 Nd3 32. Nd4 Be4 33.
Nac6 Bxc6 34. Nxc6 Re4 35. Rxa6 Nxb4 36. Nxb4 1/2-1/2

[Event "4th ShakkiNet International B"]
[Site "Helsinki"]
[Date "2002.07.03"]
[Round "10"]
[White "Liitiaeinen, Elia"]
[Black "Oksanen, Timo"]
[Result "1-0"]
[WhiteElo "2164"]
[BlackElo "1977"]
[PlyCount "69"]
[EventDate "2002.06.24"]

1. e4 e6 2. d4 d5 3. e5 b6 4. c3 Qd7 5. Nf3 c5 6. Nbd2 Ba6 7. Bxa6 Nxa6 8. O-O
Ne7 9. Qe2 Nb8 10. dxc5 bxc5 11. c4 Nbc6 12. cxd5 Qxd5 13. Ne4 Nf5 14. Nc3 Nfd4
15. Nxd4 Nxd4 16. Qa6 Qc6 17. Qc4 Rb8 18. Rd1 Rb4 19. Qd3 Be7 20. b3 Nf5 21.
Ba3 Rg4 22. Qb5 Rxg2+ 23. Kh1 Qxb5 24. Nxb5 Rxf2 25. Nc7+ Kf8 26. Bxc5 Bxc5 27.
Rd8+ Ke7 28. Rxh8 Bd4 29. Re1 h6 30. Nb5 Bb6 31. Rc1 Nh4 32. Nxa7 Nf3 33. Nc8+
Kd7 34. Nxb6+ Ke7 35. Rc7# 1-0

[Event "4th ShakkiNet International B"]
[Site "Helsinki"]
[Date "2002.07.04"]
[Round "11"]
[White "Skrjabin, Igor"]
[Black "Eskola, Risto"]
[Result "1/2-1/2"]
[WhiteElo "2114"]
[BlackElo "2145"]
[PlyCount "150"]
[EventDate "2002.06.24"]

1. e4 e6 2. d3 d5 3. Nd2 Nf6 4. Ngf3 Nc6 5. g3 dxe4 6. dxe4 Bc5 7. Bg2 e5 8.
O-O O-O 9. Qe2 b6 10. Nb3 Bd6 11. Rd1 a5 12. c3 a4 13. Nbd2 Ba6 14. Qe1 Bd3 15.
Nf1 Bc2 16. Bg5 Bxd1 17. Rxd1 h6 18. Bc1 Qe8 19. Ne3 Rd8 20. Nh4 Bc5 21. Nhf5
Ne7 22. h3 Nxf5 23. exf5 Rxd1 24. Qxd1 Qd8 25. Qxa4 Qd3 26. Qc2 Rd8 27. Qxd3
Rxd3 28. Bf3 Kf8 29. Kf1 Rd8 30. Ke1 b5 31. a3 e4 32. Bg2 Bd6 33. Ng4 Nd7 34.
f6 h5 35. fxg7+ Kxg7 36. Ne3 Nc5 37. Bf1 c6 38. Nf5+ Kg6 39. Nd4 Rc8 40. Be2
Be5 41. Be3 Na4 42. Nxc6 Bf6 43. Bxb5 Nxb2 44. Bd4 Ra8 45. Ne5+ Bxe5 46. Bxe5
Rxa3 47. Bd4 Ra2 48. Bc6 Nd3+ 49. Kf1 Kf5 50. Bd5 Ra1+ 51. Ke2 Re1+ 52. Kd2 Rh1
53. f3 Ne5 54. Bxe4+ Ke6 55. h4 Rh2+ 56. Ke3 f6 57. Kf4 Rg2 58. g4 hxg4 59.
Bf5+ Kd5 60. fxg4 Rh2 61. h5 Rh3 62. Be4+ Ke6 63. Bb7 Nf7 64. Bc8+ Ke7 65. Bb7
f5 66. gxf5 Rh4+ 67. Ke3 Rxh5 68. f6+ Ke6 69. Bf3 Rh4 70. c4 Rxd4 71. Kxd4 Kxf6
72. Kd5 Ke7 73. Bg4 Kd8 74. Be6 Ng5 75. Bf5 Kc7 1/2-1/2

[Event "4th ShakkiNet International B"]

[Site "Helsinki"]
[Date "2002.07.04"]
[Round "11"]
[White "Kilpelae, Panu"]
[Black "Liitiaeinen, Elia"]
[Result "1/2-1/2"]
[WhiteElo "2139"]
[BlackElo "2164"]
[PlyCount "44"]
[EventDate "2002.06.24"]

1. e4 c5 2. Nf3 d6 3. d4 cxd4 4. Nxd4 Nc6 5. c4 Qb6 6. Nc2 Nf6 7. f3 e6 8. Nc3
Be7 9. Rb1 O-O 10. Be3 Qc7 11. Qd2 a6 12. Be2 Ne5 13. b3 b6 14. O-O Bb7 15.
Rfc1 Rac8 16. Na4 Ned7 17. Qb4 Bc6 18. Bxb6 Nxb6 19. Qxb6 Bxa4 20. Qxc7 Rxc7
21. bxa4 Nd7 22. Na1 Nc5 1/2-1/2

[Event "4th ShakkiNet International B"]
[Site "Helsinki"]
[Date "2002.07.04"]
[Round "11"]
[White "Malmberg, Mio"]
[Black "Haapasalo, Jukka-Pekka"]
[Result "1-0"]
[WhiteElo "2088"]
[BlackElo "2149"]
[PlyCount "47"]
[EventDate "2002.06.24"]

1. d4 Nf6 2. c4 e6 3. Nf3 a6 4. Nc3 c5 5. d5 b5 6. Bg5 b4 7. Ne4 Be7 8. Bxf6
Bxf6 9. Qd2 d6 10. dxe6 Bxe6 11. O-O-O Ra7 12. Nxf6+ gxf6 13. Qf4 Rd7 14. e4
Nc6 15. Be2 Qe7 16. Rd2 Ne5 17. Nh4 Kd8 18. Rhd1 Kc7 19. Qe3 Ng6 20. Qg3 Rhd8
21. f4 Nxh4 22. Qxh4 f5 23. Qh5 Qf6 24. g4 1-0

[Event "4th ShakkiNet International B"]
[Site "Helsinki"]
[Date "2002.06.25"]
[Round "2"]
[White "Paronen, Petteri"]
[Black "Liitiaeinen, Elia"]
[Result "1/2-1/2"]
[WhiteElo "2224"]
[BlackElo "2164"]
[PlyCount "70"]
[EventDate "2002.06.24"]

1. e4 d6 2. d4 Nf6 3. Nc3 g6 4. Bg5 Bg7 5. Qd2 h6 6. Bh4 g5 7. Bg3 Nh5 8. Nge2
Nd7 9. f3 Nxg3 10. Nxg3 Nf6 11. O-O-O e6 12. Kb1 Qe7 13. Be2 c6 14. a3 Bd7 15.
Na2 O-O-O 16. c4 Kb8 17. h4 gxh4 18. Rxh4 e5 19. dxe5 dxe5 20. Qd6+ Qxd6 21.
Rxd6 Kc7 22. Rd1 Be6 23. Rhh1 Rxd1+ 24. Rxd1 Rd8 25. Rxd8 Kxd8 26. Nc3 Bf8 27.
Kc2 Nd7 28. a4 Nc5 29. Nf5 a5 30. g4 f6 31. b3 Bf7 32. Nd1 b5 33. axb5 cxb5 34.
Nc3 b4 35. Nd5 Bxd5 1/2-1/2

[Event "4th ShakkiNet International B"]
[Site "Helsinki"]
[Date "2002.06.25"]
[Round "2"]
[White "Luukkonen, Tommi"]
[Black "Karlsen, Terje"]
[Result "0-1"]
[WhiteElo "2158"]
[BlackElo "2121"]
[PlyCount "70"]
[EventDate "2002.06.24"]

1. e4 c5 2. Nf3 Nc6 3. d4 cxd4 4. Nxd4 e5 5. Nb5 d6 6. c4 Be7 7. N1c3 a6 8. Na3
Be6 9. Nc2 Bg5 10. Ne3 Nge7 11. g3 Nd4 12. f4 exf4 13. Qxd4 fxe3 14. Qxg7 Rg8
15. Qxh7 Qb6 16. Nd5 Qd4 17. Nc7+ Kd7 18. Nxe6 fxe6 19. e5 Qxe5 20. Bg2 Raf8
21. a3 Rg7 22. Qe4 Qxe4 23. Bxe4 d5 24. Bd3 Rf2 25. b4 Nc6 26. h4 Bh6 27. Rf1
Ne5 28. Be2 Rxf1+ 29. Kxf1 Rxg3 30. cxd5 exd5 31. Bb2 Nf3 32. Bxf3 Rxf3+ 33.
Kg1 Ke6 34. Rf1 Rxf1+ 35. Kxf1 Kf5 0-1

[Event "4th ShakkiNet International B"]
[Site "Helsinki"]
[Date "2002.06.25"]
[Round "2"]
[White "Malmberg, Mio"]
[Black "Parkkinen, Jyrki"]
[Result "0-1"]
[WhiteElo "2088"]
[BlackElo "2169"]
[PlyCount "92"]
[EventDate "2002.06.24"]

1. Nf3 d5 2. d4 e6 3. c4 Nf6 4. e3 c5 5. cxd5 exd5 6. Bb5+ Nc6 7. O-O Qb6 8.
Bxc6+ bxc6 9. Nbd2 Bf5 10. Ne5 Bd6 11. Qa4 Rc8 12. b3 cxd4 13. Qxd4 Qxd4 14.
exd4 Bb4 15. Nb1 Nd7 16. Nxd7 Kxd7 17. Bd2 Bxd2 18. Nxd2 Rhe8 19. Rfe1 a5 20.
Rac1 Rxe1+ 21. Rxe1 f6 22. Nb1 Bxb1 23. Rxb1 c5 24. Rc1 c4 25. Kf1 cxb3 26.
Rxc8 Kxc8 27. axb3 Kc7 28. Ke2 Kc6 29. Kd3 Kb5 30. Kc3 a4 31. bxa4+ Kxa4 32. h3
Ka3 33. h4 h5 34. f3 g6 35. g4 f5 36. gxh5 gxh5 37. Kd3 Kb3 38. Ke3 Kc4 39. Kf4
Kxd4 40. Kxf5 Ke3 41. Kg5 d4 42. Kxh5 d3 43. Kh6 d2 44. h5 d1=Q 45. Kh7 Qg1 46.
h6 Qg5 0-1

[Event "4th ShakkiNet International B"]
[Site "Helsinki"]
[Date "2002.06.25"]
[Round "2"]
[White "Kilpelae, Panu"]
[Black "Skrjabin, Igor"]
[Result "1/2-1/2"]
[WhiteElo "2139"]
[BlackElo "2114"]
[PlyCount "72"]
[EventDate "2002.06.24"]

1. e4 e5 2. Nf3 Nc6 3. Bb5 a6 4. Bxc6 dxc6 5. Nc3 f6 6. d4 Bg4 7. dxe5 Qxd1+ 8.
Nxd1 Bxf3 9. gxf3 fxe5 10. f4 Nf6 11. f3 Bd6 12. fxe5 Bxe5 13. Nf2 O-O 14. Nd3
Bd4 15. Bd2 Rae8 16. O-O-O Nd7 17. Rhf1 Rf7 18. Rde1 c5 19. Re2 c4 20. Ne1 Nc5
21. c3 Bf6 22. Kc2 Rd7 23. Ng2 Nd3 24. Be3 b5 25. Rd2 c5 26. Rfd1 b4 27. Bxc5
bxc3 28. bxc3 Rb8 29. Ba3 Be7 30. Bc1 Rdb7 31. Rxd3 cxd3+ 32. Rxd3 Rd8 33. Re3
Bc5 34. Re2 Rf7 35. f4 g6 36. Ne1 Rfd7 1/2-1/2

[Event "4th ShakkiNet International B"]
[Site "Helsinki"]
[Date "2002.06.25"]
[Round "2"]
[White "Mavrichev, Juri"]
[Black "Haapasalo, Jukka-Pekka"]
[Result "0-1"]
[WhiteElo "2115"]
[BlackElo "2149"]
[PlyCount "82"]
[EventDate "2002.06.24"]

1. e4 c5 2. Nf3 e6 3. c4 a6 4. Nc3 d6 5. d4 cxd4 6. Nxd4 Nf6 7. Be2 b6 8. Be3
Bb7 9. Bf3 Nbd7 10. Nde2 Qc7 11. Rc1 Ne5 12. b3 Be7 13. Ng3 Nxf3+ 14. Qxf3 O-O
15. O-O Rab8 16. Qe2 Ba8 17. Rfd1 Qb7 18. f3 Rbc8 19. Qf1 Qb8 20. Nge2 Rfe8 21.
Kh1 Bd8 22. Bg1 Bc7 23. Nd4 Bb7 24. Nc2 d5 25. exd5 exd5 26. Ne2 dxc4 27. bxc4
h5 28. Rb1 h4 29. Bxb6 Bxh2 30. Bg1 Be5 31. Nb4 Qa8 32. Nd5 Nxd5 33. cxd5 Bxd5
34. Bd4 h3 35. Ng1 hxg2+ 36. Qxg2 Rc6 37. Be3 Rg6 38. Qf1 Ree6 39. Rxd5 Qxd5
40. Rd1 Qc6 41. Rc1 Qa4 0-1

[Event "4th ShakkiNet International B"]
[Site "Helsinki"]
[Date "2002.06.25"]
[Round "2"]
[White "Eskola, Risto"]
[Black "Oksanen, Timo"]
[Result "1/2-1/2"]
[WhiteElo "2145"]
[BlackElo "1977"]
[PlyCount "80"]
[EventDate "2002.06.24"]

1. f4 e5 2. e4 Bc5 3. Nf3 d6 4. Bc4 Nf6 5. d3 Nc6 6. Nc3 a6 7. f5 b5 8. Bb3 Bb7
9. a3 Nd4 10. Nxd4 Bxd4 11. Bg5 Bxc3+ 12. bxc3 d5 13. exd5 Bxd5 14. Qe2 Qd6 15.
d4 Nd7 16. dxe5 Nxe5 17. Rd1 c6 18. Bf4 f6 19. Qh5+ Kd7 20. O-O Rad8 21. Kh1 g6
22. Qh6 Qf8 23. Bxd5 cxd5 24. Rxd5+ Kc6 25. Rxd8 Qxh6 26. Rd6+ Kxd6 27. Bxh6
gxf5 28. Rxf5 Ke6 29. Rf1 Rc8 30. Bg7 f5 31. Re1 Rc5 32. Kg1 f4 33. Kf2 Kf5 34.
h3 Rd5 35. Bxe5 Rxe5 36. Rd1 Rc5 37. Rd3 h5 38. Kf3 h4 39. Ke2 Rc4 40. Kf3 Rc5
1/2-1/2